000 00836nam a22002417a 4500
005 20260506145423.0
008 260506b |||||||| |||| 00| 0 eng d
020 _a9789869174749
040 _aBSOP
041 _achi
050 _aBS632
100 _6880-1
_aMiller, Jeffery P.
245 _6880-1
_aSheng di di li :
_bying xu zhi di yu Aiji {ch} /
_cJeffery P. Miller.
264 _a高雄市 :
_b聖光神學院,
_c2016.
300 _avi, 145p. :
_bcolor illustrations, color maps ;
_c30cm.
650 _aBible -- Geography -- Textbooks {ch}.
650 _aBible -- Historiography {ch}.
650 _aBible -- History of biblical events {ch}.
650 _aBible -- Geography -- Study and teaching {ch}.
651 _aEgypt -- Antiquities {ch}.
880 _6245-1
_a聖地地理 : 應許之地與埃及
942 _2lcc
_cBK
999 _c55618
_d55618